Postsandinismo : crónica de un diálogo intergeneracional e interpretación del pensamiento político de la generación XXI /

Gespeichert in:
Bibliographische Detailangaben
1. Verfasser: Pérez-Baltodano, Andrés
Format: Buch
Sprache:Spanish
Veröffentlicht: Managua, Nicaragua IHNCA -UCA 2013
Schlagworte:
Tags: Tag hinzufügen
Keine Tags, Fügen Sie den ersten Tag hinzu!

MARC

LEADER 00000nam a22000007a 4500
008 140612s2013 nq |||f |||| 000 0 spa d
020 |a 97899924105 
082 |a 320.972.85  |b P438p 
100 1 |a Pérez-Baltodano, Andrés 
245 1 0 |a Postsandinismo :   |b crónica de un diálogo intergeneracional e interpretación del pensamiento político de la generación XXI /  |c Andrés Pérez-Baltodano 
260 |a Managua, Nicaragua  |b IHNCA -UCA  |c 2013 
300 |a 505 páginas 
650 1 7 |a CULTURA POLITICA 
650 1 7 |a PENSAMIENTO POLITICO 
650 1 7 |a JUVENTUD 
650 1 7 |a POSTSANDINISMO 
651 1 7 |a NICARAGUA 
942 |2 ddc  |c BK 
999 |c 3294  |d 3294